| 000 | 00786ncm a2200229 i 4500 | ||
|---|---|---|---|
| 001 | 168436 | ||
| 003 | ES-MaACL | ||
| 005 | 20230906213807.0 | ||
| 007 | qu | ||
| 008 | 080409s1850 fr ||| |||||||| | fre d | ||
| 080 | _a782.089.6 | ||
| 100 | 1 |
_aAdam, Adolphe. _9137578 |
|
| 245 | 1 | 0 |
_aGiralda [ _hMúsica impresa] / _b: opéra comique en trois actes / paroles de Eugéne Scribe ; musique de Adolphe Adam. |
| 254 | _aPartition conforme a l'execution au théatre. | ||
| 260 |
_aParis : _bBrandus, _c[1850] |
||
| 300 |
_a1 partitura de coro (212 p.) ; _c19 cm. |
||
| 650 | 1 | 4 |
_aÓperas- _xPartituras de coro. _9137579 |
| 700 | 1 |
_aScribe, Eugène. _9104966 |
|
| 852 |
_aES-MaACL _jE-12075 _z. - Biblioteca Jacinto Martínez Lacalle |
||
| 942 | _2udc | ||
| 999 |
_c168436 _d168436 |
||